Miasta województwa wołyńskiego II RP z mapą - Statystyki

Ogólne statystyki
  • Ten quiz został rozwiązany 21 razy
  • Średni wynik to 10 z 19
Odpowiedzi na mapie
Odpowiedzi zakodowano w zielono-czerwonej skali na mapie do tego quizu, zgodnie z poniższymi procentami.
 
Statystyki odpowiedzi
Miasto % Poprawnych
Łuck
100%
Równe
100%
Kowel
86%
Luboml
86%
Włodzimierz
86%
Dubno
71%
Horochów
71%
Krzemieniec
71%
Zdołbunów
71%
Ostróg
57%
Kostopol
43%
Beresteczko
29%
Bereźne
29%
Rożyszcze
29%
Uściług
29%
Korzec
14%
Ołyka
14%
Radziwiłłów
14%
Ratno
14%
Nie znaleziono quizów pasujących do podanych kryteriów
Rozkład punktacji
Procent ludzi z każdym wynikiem
Percentyl według liczby udzielonych odpowiedzi
Twoja historia wyników
Nie rozwiązałeś tego quizu